The Gabriel hounds. (Record no. 1273)

MARC details
000 -LEADER
fixed length control field 00790cam a22002531 4500
005 - DATE AND TIME OF LATEST TRANSACTION
control field 20260322212053.0
008 - FIXED-LENGTH DATA ELEMENTS--GENERAL INFORMATION
fixed length control field data
010 ## - LIBRARY OF CONGRESS CONTROL NUMBER
LC control number 67007309
040 ## - CATALOGING SOURCE
Original cataloging agency DLC
Transcribing agency DLC
Modifying agency DLC
050 00 - LIBRARY OF CONGRESS CALL NUMBER
Classification number PR6069.T46
Item number Gab
Classification number PR6069.T46
099 ## - LOCAL FREE-TEXT CALL NUMBER (OCLC)
Classification number STEWAM
001 - CONTROL NUMBER
control field data
100 1# - MAIN ENTRY--PERSONAL NAME
Personal name Stewart, Mary,
Dates associated with a name 1916-
245 14 - TITLE STATEMENT
Title The Gabriel hounds.
Statement of responsibility, etc. Mary Stewart.
260 ## - PUBLICATION, DISTRIBUTION, ETC.
Place of publication, distribution, etc. New York,
Name of publisher, distributor, etc. M. S. Mill Co.; Distributed by Morrow,
Date of publication, distribution, etc. 1967.
300 ## - PHYSICAL DESCRIPTION
Extent 320 p.
Dimensions 22 cm.
500 ## - GENERAL NOTE
General note "Based on the accounts of the life of the Lady Hester Stanhope."
600 10 - SUBJECT ADDED ENTRY--PERSONAL NAME
Personal name Stanhope, Hester Lucy,
Titles and other words associated with a name Lady,
Dates associated with a name 1776-1839
General subdivision Fiction.
650 #0 - SUBJECT ADDED ENTRY--TOPICAL TERM
Topical term or geographic name entry element British
Geographic subdivision Middle East
General subdivision Fiction.
650 #0 - SUBJECT ADDED ENTRY--TOPICAL TERM
Topical term or geographic name entry element Women travelers
General subdivision Fiction.
650 #0 - SUBJECT ADDED ENTRY--TOPICAL TERM
Topical term or geographic name entry element Nobility
General subdivision Fiction.
651 #0 - SUBJECT ADDED ENTRY--GEOGRAPHIC NAME
Geographic name Middle East
General subdivision Fiction.
655 #7 - INDEX TERM--GENRE/FORM
Genre/form data or focus term Biographical fiction.
Source of term gsafd
Holdings
Withdrawn status Lost status Damaged status Not for loan Home library Current library Shelving location Date acquired Total checkouts Full call number Barcode Date last seen Price effective from Koha item type
        Fairview Fairview General stacks 22/03/2026   PZ4.S852 Gab PR6069.T46 BC0011315 22/03/2026 22/03/2026 Books